[Event "Central European zonal 2 (w)"]
[Site "Graz AUT"]
[Date "1991.??.??"]
[Round "?"]
[White "Baumann, Claude"]
[Black "Kas-Fromm, Rita"]
[Result "1-0"]
[WhiteElo "2085"]
[BlackElo "2260"]
[EventDate "1991.??.??"]
[PlyCount "123"]

1.d4 f5 2.e4 fxe4 3.Nc3 Nf6 4.Bg5 Nc6 5.d5 Ne5 6.Qd4 Nf7 7.Bxf6 exf6 8.
Nxe4 Be7 9.O-O-O O-O 10.Nf3 f5 11.Ng3 Bf6 12.Qa4 d6 13.Bd3 c5 14.dxc6 Qb6 
15.Qb3 bxc6 16.Qxb6 axb6 17.Bc4 d5 18.Bb3 g6 19.c4 dxc4 20.Bxc4 b5 21.Bb3 
c5 22.Bd5 Ra7 23.Rhe1 Bb7 24.Bxb7 Rxb7 25.Re6 Kg7 26.Rc6 Be7 27.Ne2 Ra8 
28.Nf4 Nd8 29.Ne6+ Nxe6 30.Rxe6 Rxa2 31.Kb1 Ra8 32.Rde1 Bf6 33.Rc6 c4 34.
Ree6 Be7 35.Nd4 Kf7 36.Nf3 Rd8 37.h4 Kg7 38.h5 gxh5 39.Rh6 Rd1+ 40.Kc2 Rf1
41.Rxh5 Rxf2+ 42.Kb1 Bf6 43.Rxf5 Bxb2 44.Rg5+ Kf8 45.Rc8+ Ke7 46.Rgg8 Rd7 
47.Rge8+ Kd6 48.Ng5 Rxg2 49.Ne4+ Kd5 50.Rc5+ Kd4 51.Rxb5 c3 52.Rb4+ Kd5 
53.Rc8 Rg1+ 54.Kc2 Rc1+ 55.Kb3 Ra7 56.Rc5+ Ke6 57.Rb6+ Ke7 58.Re5+ Kd8 59.
Rd6+ Kc8 60.Re8+ Kc7 61.Re7+ Kc8 62.Rxa7 1-0

[Event "Central European zonal 2 (w)"]
[Site "Graz AUT"]
[Date "1991.??.??"]
[Round "?"]
[White "Baumann, Claude"]
[Black "Kunze, Kerstin"]
[Result "1/2-1/2"]
[WhiteElo "2085"]
[BlackElo "2160"]
[EventDate "1991.??.??"]
[PlyCount "38"]

1.d4 d5 2.c4 e6 3.Nc3 Nf6 4.Nf3 Be7 5.Bg5 O-O 6.e3 h6 7.Bh4 Ne4 8.Bxe7 
Qxe7 9.cxd5 Nxc3 10.bxc3 exd5 11.Bd3 b6 12.O-O Bb7 13.a4 Nc6 14.Qc2 Na5 
15.Ne5 c5 16.Qd1 Rad8 17.Bc2 Ba6 18.Re1 Qf6 19.Ng4 Qd6 1/2-1/2

[Event "Central European zonal 2 (w)"]
[Site "Graz AUT"]
[Date "1991.??.??"]
[Round "?"]
[White "Baumann, Claude"]
[Black "Podrazhanskaya, Olga"]
[Result "1-0"]
[WhiteElo "2085"]
[BlackElo "2100"]
[EventDate "1991.??.??"]
[PlyCount "64"]

1.d4 Nf6 2.c4 e6 3.Nc3 Bb4 4.Bd2 c6 5.e3 d5 6.Bd3 Nbd7 7.a3 dxc4 8.Bxc4 
Bd6 9.Nf3 O-O 10.O-O e5 11.Qc2 Qe7 12.Ng5 h6 13.Nge4 exd4 14.Nxd6 Qxd6 15.
exd4 Qxd4 16.Ne2 Qe4 17.Bd3 Qe7 18.Ng3 Qc5 19.Bc3 Ne5 20.b4 Qd5 21.Be2 Bg4
22.f3 Bd7 23.Rad1 Qe6 24.Qb2 Ng6 25.Rfe1 Qe3+ 26.Kh1 Be6 27.Bd3 Qg5 28.
Bxf6 Qxf6 29.Qxf6 gxf6 30.Bxg6 Bb3 31.Rb1 Ba2 32.Rb2 Rfe8 1-0

[Event "Central European zonal 2 (w)"]
[Site "Graz AUT"]
[Date "1991.??.??"]
[Round "?"]
[White "Fischdick, Gisela"]
[Black "Baumann, Claude"]
[Result "1/2-1/2"]
[WhiteElo "2275"]
[BlackElo "2085"]
[EventDate "1991.??.??"]
[PlyCount "100"]

1.d4 Nf6 2.c4 g6 3.Nc3 Bg7 4.e4 d6 5.Bd3 e5 6.d5 Nbd7 7.Nge2 O-O 8.O-O Nc5
9.Bc2 a5 10.Rb1 Ne8 11.a3 f5 12.exf5 Bxf5 13.b4 axb4 14.axb4 Nd7 15.Ng3 
Bxc2 16.Qxc2 Qh4 17.Qe4 Qxe4 18.Ngxe4 Bf6 19.Be3 Be7 20.Ra1 Nef6 21.f3 
Nxe4 22.Nxe4 b6 23.Rfc1 Rfc8 24.Kf2 Kf7 25.Ke2 Ke8 26.Kd3 Nf8 27.Bh6 Nd7 
28.Be3 Kf7 29.h3 Ke8 30.Nc3 Nf6 31.Ne4 Nxe4 32.Kxe4 Kf7 33.Bd2 Bh4 34.Be3 
Be7 35.Rcb1 Rcb8 36.b5 Bd8 37.Rf1 Bf6 38.Rfd1 Bh4 39.Rf1 Ke7 40.Rfb1 Rf8 
41.Ra6 Rxa6 42.bxa6 Ra8 43.Ra1 Ra7 44.g4 Bf6 45.g5 Bg7 46.h4 Kd7 47.h5 
gxh5 48.Rh1 Rxa6 49.Rxh5 Ke7 50.Rxh7 Kf8 1/2-1/2

[Event "Central European zonal 2 (w)"]
[Site "Graz AUT"]
[Date "1991.??.??"]
[Round "?"]
[White "Fischdick, Gisela"]
[Black "Hund, Isabel"]
[Result "1-0"]
[WhiteElo "2275"]
[BlackElo "2080"]
[EventDate "1991.??.??"]
[PlyCount "53"]

1.d4 d5 2.c4 c6 3.Nc3 dxc4 4.Nf3 Nf6 5.a4 Nbd7 6.e4 e5 7.dxe5 Ng4 8.e6 
fxe6 9.Bxc4 Qb6 10.O-O Bc5 11.Qe2 Ndf6 12.h3 Nxf2 13.Rxf2 Bxf2+ 14.Qxf2 
Qb4 15.Qd4 c5 16.Bb5+ Bd7 17.Bxd7+ Nxd7 18.Qd6 Qb6 19.Bf4 a6 20.a5 Qxd6 
21.Bxd6 h6 22.e5 Kf7 23.Ne4 Rhc8 24.Nfd2 Rc6 25.Nc4 b5 26.axb6 Nxb6 27.Na5
1-0

[Event "Central European zonal 2 (w)"]
[Site "Graz AUT"]
[Date "1991.??.??"]
[Round "?"]
[White "Fischdick, Gisela"]
[Black "Jahn, Constanze"]
[Result "1/2-1/2"]
[WhiteElo "2275"]
[BlackElo "2175"]
[EventDate "1991.??.??"]
[PlyCount "50"]

1.d4 e6 2.c4 f5 3.Nc3 Bb4 4.e3 Nf6 5.Bd3 O-O 6.Qc2 b6 7.Ne2 Bb7 8.f3 c5 9.
O-O Nc6 10.a3 cxd4 11.exd4 Bd6 12.Be3 Rc8 13.b4 Qe8 14.Nb5 Bb8 15.Qd2 a6 
16.Nbc3 Ne7 17.Rfe1 Nh5 18.Nf4 g5 19.Nfe2 h6 20.d5 exd5 21.cxd5 Qg6 22.Bb1
Qd6 23.g3 Rf7 24.Ba2 Kh7 25.Bf2 Ng6 1/2-1/2

[Event "Central European zonal 2 (w)"]
[Site "Graz AUT"]
[Date "1991.??.??"]
[Round "?"]
[White "Fischdick, Gisela"]
[Black "Lematschko, Tatjana"]
[Result "1/2-1/2"]
[WhiteElo "2275"]
[BlackElo "2290"]
[EventDate "1991.??.??"]
[PlyCount "20"]

1.d4 d6 2.c4 e5 3.dxe5 dxe5 4.Qxd8+ Kxd8 5.Nc3 c6 6.Nf3 f6 7.h3 Be6 8.b3 
Bb4 9.Bb2 Nd7 10.O-O-O Kc7 1/2-1/2

[Event "Central European zonal 2 (w)"]
[Site "Graz AUT"]
[Date "1991.??.??"]
[Round "?"]
[White "Fischdick, Gisela"]
[Black "Mira, Helene"]
[Result "1-0"]
[WhiteElo "2275"]
[BlackElo "2140"]
[EventDate "1991.??.??"]
[PlyCount "166"]

1.d4 Nf6 2.c4 g6 3.Nc3 Bg7 4.e4 O-O 5.Nf3 c6 6.e5 Ne8 7.Be2 d6 8.O-O Bg4 
9.Bf4 Bxf3 10.Bxf3 dxe5 11.dxe5 Nd7 12.Qe2 Nc5 13.Rad1 Qc7 14.Bg3 Ne6 15.
Bg4 Bh6 16.Bxe6 fxe6 17.Qd3 Ng7 18.Qd7 Qb6 19.Qxe7 Rae8 20.Qa3 Nf5 21.c5 
Qc7 22.Rfe1 Rd8 23.Qb3 Qe7 24.Ne4 Rxd1 25.Rxd1 Kh8 26.Qd3 Rf7 27.Qd8+ Qxd8
28.Rxd8+ Kg7 29.Nd6 Re7 30.Nc8 Rc7 31.Nd6 Re7 32.Kf1 Bc1 33.b3 Bb2 34.
Nxf5+ exf5 35.f4 h6 36.Bf2 g5 37.g3 Bc3 38.Ke2 Ba5 39.Rd6 Bc7 40.Rd3 g4 
41.b4 Kf7 42.a4 a6 43.b5 axb5 44.axb5 cxb5 45.Rb3 Ke6 46.Rxb5 Bd8 47.Rb1 
Rc7 48.Rb6+ Kf7 49.Rxh6 Be7 50.Rb6 Bxc5 51.Bxc5 Rxc5 52.Rxb7+ Ke6 53.Rb6+ 
Kd5 54.Kd3 Ra5 55.Rd6+ Kc5 56.Ke3 Ra2 57.Rd2 Ra1 58.Kf2 Rh1 59.Kg2 Re1 60.
h3 gxh3+ 61.Kxh3 Rh1+ 62.Kg2 Re1 63.Kf2 Ra1 64.Re2 Ra8 65.e6 Kd6 66.e7 Kd7
67.Re5 Ra2+ 68.Kf3 Ra3+ 69.Kg2 Ke8 70.Kh3 Rb3 71.Kh4 Ra3 72.Rxf5 Kxe7 73.
Rb5 Kf7 74.g4 Ra6 75.f5 Ra1 76.Kg5 Rg1 77.Rb7+ Kg8 78.Kh5 Rg2 79.g5 Ra2 
80.Rb8+ Kg7 81.f6+ Kf7 82.Rb7+ Kf8 83.Kg6 Ra8 1-0

[Event "Central European zonal 2 (w)"]
[Site "Graz AUT"]
[Date "1991.??.??"]
[Round "?"]
[White "Fischdick, Gisela"]
[Black "Podrazhanskaya, Olga"]
[Result "1-0"]
[WhiteElo "2275"]
[BlackElo "2100"]
[EventDate "1991.??.??"]
[PlyCount "102"]

1.d4 f5 2.g3 Nf6 3.Bg2 g6 4.Nh3 Bg7 5.O-O O-O 6.Nd2 d6 7.c3 c6 8.Qb3+ Kh8 
9.Ng5 d5 10.Ndf3 Ne4 11.Nh3 Nd7 12.Nf4 Ndf6 13.Ne5 Qe8 14.f3 Nd6 15.a4 Nd7
16.Nfd3 Nxe5 17.Nxe5 e6 18.Qc2 c5 19.Bf4 cxd4 20.cxd4 Nf7 21.Qc5 Nxe5 22.
Bxe5 Bxe5 23.dxe5 Bd7 24.Qd4 a6 25.Rfc1 Rc8 26.a5 Bb5 27.Bf1 Rc6 28.Qd2 
Qb8 29.Rxc6 bxc6 30.Qd4 Rf7 31.Rc1 Rb7 32.Rc5 Qa7 33.e3 Bxf1 34.Kxf1 Rxb2 
35.Rxc6 Qb7 36.Rb6 Rb1+ 37.Kg2 Qc8 38.Rxb1 Qc2+ 39.Kh3 Qxb1 40.Qc5 Qf1+ 
41.Kh4 Qc4+ 42.Qd4 h6 43.g4 g5+ 44.Kh5 Qc7 45.gxf5 Qf7+ 46.Kxh6 Qh7+ 47.
Kxg5 Qxf5+ 48.Kh6 Qh3+ 49.Kg6 Qf5+ 50.Kh6 Qxf3 51.Qh4 Qg2 1-0

[Event "Central European zonal 2 (w)"]
[Site "Graz AUT"]
[Date "1991.??.??"]
[Round "?"]
[White "Horvath, Maria"]
[Black "Baumann, Claude"]
[Result "1-0"]
[WhiteElo "2065"]
[BlackElo "2085"]
[EventDate "1991.??.??"]
[PlyCount "123"]

1.Nf3 Nf6 2.g3 g6 3.b3 Bg7 4.Bb2 d5 5.c4 c6 6.Bg2 O-O 7.O-O Qb6 8.Qc2 Na6 
9.a3 Bf5 10.d3 Rfd8 11.Nc3 dxc4 12.bxc4 Nc5 13.Rad1 a5 14.Nh4 Bg4 15.Rb1 
Qc7 16.h3 Bc8 17.Na4 Nxa4 18.Qxa4 e5 19.Bc1 Qe7 20.Be3 Nd7 21.Nf3 Nc5 22.
Qc2 Ne6 23.Qa2 Nd4 24.Rfe1 Re8 25.Nd2 Be6 26.Qb2 Bc8 27.Nb3 Ne6 28.Qc1 a4 
29.Nd2 Nd4 30.Rb4 c5 31.Rb6 Qc7 32.Qb1 Nb3 33.Rb5 Nxd2 34.Bxd2 Ra7 35.Bc3 
Re7 36.Qb2 Bd7 37.Rxb7 Rxb7 38.Qxb7 Qxb7 39.Bxb7 Bxh3 40.Bd5 Rc7 41.Rb1 
Bf6 42.Rb7 Rxb7 43.Bxb7 Bd7 44.f4 Kf8 45.fxe5 Bd8 46.Kf2 h5 47.e3 h4 48.
gxh4 Bxh4+ 49.Kg2 Be7 50.d4 cxd4 51.exd4 Bxa3 52.c5 Be6 53.Kf3 Ke7 54.Ke4 
Bf5+ 55.Kd5 g5 56.Kc4 g4 57.c6 g3 58.c7 Bh3 59.d5 g2 60.Bd4 Bb2 61.d6+ Kf8
62.Bxg2 1-0

[Event "Central European zonal 2 (w)"]
[Site "Graz AUT"]
[Date "1991.??.??"]
[Round "?"]
[White "Horvath, Maria"]
[Black "Fischdick, Gisela"]
[Result "1/2-1/2"]
[WhiteElo "2065"]
[BlackElo "2275"]
[EventDate "1991.??.??"]
[PlyCount "69"]

1.d4 Nf6 2.c4 e6 3.Nc3 Bb4 4.e3 O-O 5.Ne2 d5 6.a3 Be7 7.cxd5 exd5 8.g3 c6 
9.Bg2 Bf5 10.O-O Re8 11.b4 a6 12.Nf4 Nbd7 13.f3 h6 14.g4 Bh7 15.e4 g5 16.
Nh3 dxe4 17.fxe4 Nb6 18.Ra2 Qd7 19.Nf2 a5 20.bxa5 Rxa5 21.h4 Rd8 22.e5 
Nfd5 23.Nce4 Nf4 24.Bxf4 gxf4 25.g5 Qe6 26.Rd2 Rxa3 27.Ng4 hxg5 28.Ngf6+ 
Bxf6 29.Nxf6+ Kg7 30.Qh5 Bg6 31.Qxg5 Rh8 32.Rxf4 Ra1+ 33.Rf1 Rxf1+ 34.Bxf1
Qf5 35.Qg3 1/2-1/2

[Event "Central European zonal 2 (w)"]
[Site "Graz AUT"]
[Date "1991.??.??"]
[Round "?"]
[White "Horvath, Maria"]
[Black "Hund, Isabel"]
[Result "1/2-1/2"]
[WhiteElo "2065"]
[BlackElo "2080"]
[EventDate "1991.??.??"]
[PlyCount "28"]

1.e4 c6 2.d4 d5 3.exd5 cxd5 4.c4 Nf6 5.Nc3 e6 6.Nf3 Bb4 7.cxd5 exd5 8.Bb5+
Bd7 9.Qe2+ Qe7 10.Qxe7+ Bxe7 11.Bxd7+ Nbxd7 12.O-O O-O 13.Bf4 Rac8 14.Rad1
Bb4 1/2-1/2

[Event "Central European zonal 2 (w)"]
[Site "Graz AUT"]
[Date "1991.??.??"]
[Round "?"]
[White "Horvath, Maria"]
[Black "Mira, Helene"]
[Result "0-1"]
[WhiteElo "2065"]
[BlackElo "2140"]
[EventDate "1991.??.??"]
[PlyCount "128"]

1.Nf3 Nf6 2.g3 g6 3.b3 Bg7 4.Bb2 d5 5.c4 c6 6.Bg2 O-O 7.O-O Qb6 8.Qc2 Na6 
9.a3 dxc4 10.bxc4 Nc5 11.Nc3 Qc7 12.Na4 Bf5 13.d3 Nxa4 14.Qxa4 Nd7 15.Bxg7
Kxg7 16.Nd4 Nc5 17.Nxf5+ gxf5 18.Qb4 Qe5 19.Rab1 Rfd8 20.Qd2 Rd6 21.Qe3 f6
22.Bh3 e6 23.Rfe1 Rad8 24.Bf1 b6 25.Qc1 R6d7 26.Rb4 Qc7 27.Qb1 f4 28.Bg2 
fxg3 29.hxg3 Rd4 30.Bf3 e5 31.Kg2 Ne6 32.Be4 Ng5 33.Bf5 c5 34.Rb2 Qc6+ 35.
f3 Rh8 36.Rh1 h5 37.Rh4 Rxh4 38.gxh4 Ne6 39.Bxe6 Qxe6 40.Qh1 Kf7 41.Rb1 
Rg8+ 42.Kh2 Qd6 43.f4 Rg4 44.Qb7+ Kg6 45.Rg1 Rxg1 46.Kxg1 Qd4+ 47.Kg2 Qxf4
48.Qa8 Qg4+ 49.Kf1 Qh3+ 50.Kg1 Qxh4 51.Qg8+ Kh6 52.Qh8+ Kg5 53.Qg7+ Kf4 
54.Qxa7 Qe1+ 55.Kg2 Qxe2+ 56.Kg1 Kf3 57.Qb7+ e4 58.Qg7 Qe1+ 59.Kh2 Qh4+ 
60.Kg1 Qg5+ 61.Qxg5 fxg5 62.d4 cxd4 63.Kf1 e3 64.a4 Ke4 0-1

[Event "Central European zonal 2 (w)"]
[Site "Graz AUT"]
[Date "1991.??.??"]
[Round "?"]
[White "Hund, Isabel"]
[Black "Baumann, Claude"]
[Result "1-0"]
[WhiteElo "2080"]
[BlackElo "2085"]
[EventDate "1991.??.??"]
[PlyCount "149"]

1.d4 Nf6 2.c4 g6 3.Nc3 Bg7 4.e4 d6 5.f3 c5 6.Be3 cxd4 7.Bxd4 Nc6 8.Be3 Bd7
9.Qd2 Ne5 10.b3 Qa5 11.Rc1 Rc8 12.Nge2 h5 13.Nf4 a6 14.Ncd5 Qxd2+ 15.Kxd2 
Bc6 16.Be2 g5 17.Nxf6+ Bxf6 18.Nd5 Bxd5 19.exd5 Kd7 20.Rc2 Ng6 21.Bd3 Nf4 
22.g3 Nxd3 23.Kxd3 h4 24.g4 Rhg8 25.h3 e6 26.Rhc1 Be5 27.a4 f5 28.dxe6+ 
Kxe6 29.c5 fxg4 30.fxg4 dxc5 31.Rxc5 Rcd8+ 32.Ke4 Bf6 33.Rc7 Rd7 34.Rxd7 
Kxd7 35.Kf5 Be7 36.Rd1+ Ke8 37.Rd5 Rf8+ 38.Ke4 Rf1 39.Re5 Re1 40.Kf5 Kf7 
41.Bd2 Rf1+ 42.Ke4 Rh1 43.Rf5+ Kg6 44.Rf3 Rh2 45.Bc3 Rh1 46.Kd5 Bd8 47.Ke6
Rc1 48.Kd7 Bb6 49.Be5 Rc6 50.Rc3 Rxc3 51.Bxc3 Be3 52.b4 Bf4 53.Ke6 b5 54.
a5 Be3 55.Be5 Bf4 56.Bd4 Bd2 57.Bc5 Bc3 58.Ke7 Bd2 59.Ke6 Bc3 60.Bd6 Bd2 
61.Bf8 Be3 62.Kd5 Kf6 63.Bc5 Bxc5 64.Kxc5 Ke5 65.Kb6 Kf4 66.Kxa6 Kg3 67.
Kxb5 Kxh3 68.a6 Kxg4 69.a7 Kg3 70.a8=Q g4 71.Qh1 h3 72.Kc4 h2 73.Kd3 Kh3 
74.Ke3 g3 75.Kf3 1-0

[Event "Central European zonal 2 (w)"]
[Site "Graz AUT"]
[Date "1991.??.??"]
[Round "?"]
[White "Hund, Isabel"]
[Black "Jahn, Constanze"]
[Result "1/2-1/2"]
[WhiteElo "2080"]
[BlackElo "2175"]
[EventDate "1991.??.??"]
[PlyCount "27"]

1.d4 Nf6 2.Nf3 e6 3.g3 d5 4.Bg2 Be7 5.O-O O-O 6.b3 c6 7.Bb2 b6 8.Ne5 Bb7 
9.Nd2 Qc7 10.c4 dxc4 11.Ndxc4 Rd8 12.Qc2 Na6 13.Nd3 Rac8 14.Rfd1 1/2-1/2

[Event "Central European zonal 2 (w)"]
[Site "Graz AUT"]
[Date "1991.??.??"]
[Round "?"]
[White "Hund, Isabel"]
[Black "Kas-Fromm, Rita"]
[Result "0-1"]
[WhiteElo "2080"]
[BlackElo "2260"]
[EventDate "1991.??.??"]
[PlyCount "142"]

1.d4 d5 2.Nf3 Nf6 3.Bf4 c5 4.e3 Qb6 5.Qc1 Nc6 6.c3 Bf5 7.Be2 h6 8.Nbd2 Rc8
9.Nb3 cxd4 10.exd4 Nb4 11.O-O Nd3 12.Qd2 Nxf4 13.Qxf4 e6 14.Ne5 Bd6 15.Qg3
O-O 16.Bd3 Ne4 17.Qf3 Qc7 18.Qe3 f6 19.f3 fxe5 20.fxe4 exd4 21.cxd4 Bxh2+ 
22.Kh1 dxe4 23.Bxe4 Bd6 24.Bxf5 exf5 25.Qe6+ Kh8 26.Rxf5 Rxf5 27.Qxf5 Rf8 
28.Qd3 Qe7 29.g3 Rf2 30.Rf1 Bxg3 31.Rxf2 Bxf2 32.Kg2 Bh4 33.Qf3 Bf6 34.Qg4
Qc7 35.Nc5 b6 36.Ne6 Qc2+ 37.Kf1 Qb1+ 38.Kg2 Qxb2+ 39.Kh3 Qc3+ 40.Kg2 Qd2+
41.Kf1 Qd3+ 42.Kg2 Qc2+ 43.Kh3 Qxa2 44.Qe4 Qa3+ 45.Kg2 Qb2+ 46.Kf1 Qc1+ 
47.Kg2 Qc8 48.d5 Kg8 49.Nf4 Qd7 50.Ng6 h5 51.Nf4 h4 52.Ng6 Kf7 53.Nh8+ Kg8
54.Ng6 a5 55.d6 a4 56.Qd5+ Qf7 57.Qa8+ Kh7 58.Nf8+ Kh6 59.d7 Be7 60.d8=Q 
Qa2+ 61.Kf3 Qb3+ 62.Ke4 Bxd8 63.Qxd8 Qb1+ 64.Kf3 Qf1+ 65.Ke4 Qe2+ 66.Kf4 
Qf2+ 67.Ke4 Qf6 68.Qc8 a3 69.Qc1+ g5 70.Qxa3 Qf4+ 71.Kd5 Qf5+ 0-1

[Event "Central European zonal 2 (w)"]
[Site "Graz AUT"]
[Date "1991.??.??"]
[Round "?"]
[White "Hund, Isabel"]
[Black "Lematschko, Tatjana"]
[Result "1/2-1/2"]
[WhiteElo "2080"]
[BlackElo "2290"]
[EventDate "1991.??.??"]
[PlyCount "103"]

1.d4 Nf6 2.c4 e6 3.Nc3 b6 4.e4 Bb7 5.Bg5 h6 6.Bxf6 Qxf6 7.Nf3 Bb4 8.Bd3 c5
9.O-O cxd4 10.Nb5 Qd8 11.Nbxd4 O-O 12.e5 Nc6 13.Nxc6 Bxc6 14.Qe2 Rc8 15.
Be4 Qc7 16.Bxc6 Qxc6 17.Rac1 d5 18.exd6 Bxd6 19.Rfd1 Qc7 20.g3 Be7 21.Nd4 
Bf6 22.Nb5 Qe7 23.Nd6 Rcd8 24.Ne4 Bd4 25.Nc3 Rfe8 26.Rd2 a6 27.Rcd1 Bxc3 
28.Rxd8 Rxd8 29.Rxd8+ Qxd8 30.bxc3 Qd6 31.h4 f5 32.Qf3 a5 33.Qa8+ Kf7 34.
Qf3 Kf6 35.g4 Qe5 36.Kf1 g5 37.hxg5+ hxg5 38.gxf5 Qxf5 39.Qe3 Qb1+ 40.Kg2 
Kf5 41.Qh3+ Kf6 42.Qh8+ Kf7 43.Qd4 Qxa2 44.Qd7+ Kf6 45.Qd8+ Kg6 46.Qg8+ 
Kf5 47.Qf7+ Ke5 48.Qg7+ Kd6 49.Qf8+ Ke5 50.Qg7+ Kd6 51.Qf8+ Kd7 52.Qf7+ 
1/2-1/2

[Event "Central European zonal 2 (w)"]
[Site "Graz AUT"]
[Date "1991.??.??"]
[Round "?"]
[White "Hund, Isabel"]
[Black "Podrazhanskaya, Olga"]
[Result "1-0"]
[WhiteElo "2080"]
[BlackElo "2100"]
[EventDate "1991.??.??"]
[PlyCount "103"]

1.e4 e6 2.d3 d5 3.Nd2 c5 4.Ngf3 Nc6 5.g3 Nf6 6.Bg2 Be7 7.O-O Qc7 8.Re1 b6 
9.Nf1 Bb7 10.exd5 Nxd5 11.Ne3 Nxe3 12.Bxe3 e5 13.Ng5 Bxg5 14.Bxg5 f6 15.
Be3 O-O-O 16.f4 Rhe8 17.fxe5 Nxe5 18.Bf4 Bxg2 19.Kxg2 Qc6+ 20.Kf2 Qd5 21.
Bxe5 Rxe5 22.Rxe5 fxe5 23.Qg4+ Rd7 24.Re1 Kc7 25.Qe4 Qd4+ 26.Qxd4 exd4 27.
Re2 b5 28.Re4 Kc6 29.Ke2 Kd5 30.Re8 c4 31.Kd2 b4 32.dxc4+ Kxc4 33.Rc8+ Kd5
34.Rb8 Rf7 35.Rxb4 Kc5 36.Ra4 Rf2+ 37.Kd3 Rf3+ 38.Ke2 Re3+ 39.Kd2 Re7 40.
Ra5+ Kb6 41.Rd5 Rf7 42.Ke2 Re7+ 43.Kd1 Re4 44.Rd7 Rg4 45.Kd2 a5 46.Kd3 Kc5
47.Ra7 Kb5 48.Rf7 a4 49.Rf5+ Kb6 50.a3 Kc6 51.Ra5 g5 52.Rxa4 1-0

[Event "Central European zonal 2 (w)"]
[Site "Graz AUT"]
[Date "1991.??.??"]
[Round "?"]
[White "Jahn, Constanze"]
[Black "Baumann, Claude"]
[Result "1-0"]
[WhiteElo "2175"]
[BlackElo "2085"]
[EventDate "1991.??.??"]
[PlyCount "55"]

1.e4 e6 2.Nc3 d5 3.Nf3 Nf6 4.e5 Nfd7 5.d4 c5 6.Bb5 a6 7.Bxd7+ Bxd7 8.O-O 
Nc6 9.Re1 cxd4 10.Nxd4 Bc5 11.Nb3 Be7 12.Qg4 Qc7 13.Qxg7 O-O-O 14.Bf4 h5 
15.Qg3 Rdg8 16.Qe3 Bb4 17.Nxd5 exd5 18.e6 Qd8 19.exd7+ Qxd7 20.c3 Bd6 21.
Bxd6 Qxd6 22.Rad1 Rg6 23.Qf3 Rhg8 24.g3 Rg5 25.Nd4 h4 26.Nf5 Qc5 27.Rxd5 
Qb6 28.Nd6+ 1-0

[Event "Central European zonal 2 (w)"]
[Site "Graz AUT"]
[Date "1991.??.??"]
[Round "?"]
[White "Jahn, Constanze"]
[Black "Kunze, Kerstin"]
[Result "1/2-1/2"]
[WhiteElo "2175"]
[BlackElo "2160"]
[EventDate "1991.??.??"]
[PlyCount "31"]

1.d4 d5 2.Nc3 Nf6 3.Nf3 g6 4.Bf4 Bg7 5.e3 O-O 6.Be2 c5 7.O-O cxd4 8.exd4 
Nc6 9.Ne5 Nd7 10.Nxc6 bxc6 11.Na4 a5 12.c3 Ba6 13.Bxa6 Rxa6 14.Re1 Re8 15.
Re3 Ra7 16.Qe2 1/2-1/2

[Event "Central European zonal 2 (w)"]
[Site "Graz AUT"]
[Date "1991.??.??"]
[Round "?"]
[White "Jahn, Constanze"]
[Black "Podrazhanskaya, Olga"]
[Result "1-0"]
[WhiteElo "2175"]
[BlackElo "2100"]
[EventDate "1991.??.??"]
[PlyCount "97"]

1.e4 c5 2.Nc3 Nc6 3.g3 g6 4.Bg2 Bg7 5.Nge2 d6 6.d3 e5 7.Nd5 Nge7 8.Bg5 h6 
9.Bf6 O-O 10.Qd2 Bxf6 11.Nxf6+ Kg7 12.Nd5 Nxd5 13.exd5 Ne7 14.O-O-O b5 15.
f4 f6 16.c4 b4 17.h3 Qa5 18.Kb1 Bd7 19.g4 Rae8 20.Rdf1 Qd8 21.Rhg1 exf4 
22.Nxf4 f5 23.gxf5 Bxf5 24.Be4 Kh7 25.Bxf5 Rxf5 26.Ne6 Qd7 27.Rxf5 Nxf5 
28.Qf4 Qf7 29.h4 Rxe6 30.dxe6 Qxe6 31.h5 g5 32.Qf2 Ng7 33.Qf3 Qe8 34.Rh1 
a5 35.Qe4+ Kg8 36.Qxe8+ Nxe8 37.Kc2 Ng7 38.Kb3 Kf7 39.Ka4 Kf6 40.Kxa5 g4 
41.Kb6 Ne6 42.a4 bxa3 43.bxa3 Nf4 44.Rd1 g3 45.a4 g2 46.Rg1 Nxd3 47.Rxg2 
Ne5 48.Rc2 Nd3 49.a5 1-0

[Event "Central European zonal 2 (w)"]
[Site "Graz AUT"]
[Date "1991.??.??"]
[Round "?"]
[White "Kas-Fromm, Rita"]
[Black "Fischdick, Gisela"]
[Result "0-1"]
[WhiteElo "2260"]
[BlackElo "2275"]
[EventDate "1991.??.??"]
[PlyCount "78"]

1.d4 Nf6 2.c4 e6 3.Nc3 Bb4 4.Qc2 b6 5.e4 Bb7 6.Bd3 Bxc3+ 7.bxc3 d6 8.Nf3 
Nbd7 9.O-O e5 10.Nh4 g6 11.f4 Qe7 12.Nf3 O-O-O 13.Re1 h6 14.Qa4 Kb8 15.c5 
exd4 16.cxd6 cxd6 17.cxd4 Nxe4 18.Bxe4 Bxe4 19.Ne5 dxe5 20.Rxe4 f5 21.Ba3 
Qe6 22.fxe5 Nc5 23.dxc5 fxe4 24.cxb6 Qxb6+ 25.Kh1 Rd4 26.Qc2 Rc8 27.Qe2 
Ka8 28.Bd6 Rdc4 29.Rf1 Qc6 30.h3 Rc2 31.Qg4 e3 32.Qxg6 Rc1 33.Rxc1 Qxc1+ 
34.Kh2 Qc4 35.Qg3 Qe4 36.Qe1 e2 37.Kh1 Rc1 38.Qxc1 e1=Q+ 39.Qxe1 Qxe1+ 0-1

[Event "Central European zonal 2 (w)"]
[Site "Graz AUT"]
[Date "1991.??.??"]
[Round "?"]
[White "Kas-Fromm, Rita"]
[Black "Horvath, Maria"]
[Result "1-0"]
[WhiteElo "2260"]
[BlackElo "2065"]
[EventDate "1991.??.??"]
[PlyCount "76"]

1.d4 Nf6 2.c4 e6 3.Nc3 Bb4 4.Qc2 O-O 5.Nf3 c5 6.dxc5 Na6 7.a3 Bxc3+ 8.Qxc3
Nxc5 9.b4 Nce4 10.Qc2 a5 11.Rb1 axb4 12.axb4 Qc7 13.e3 b6 14.Bd3 Bb7 15.
Nd4 Rfe8 16.Nb5 Qb8 17.f3 Nd6 18.Nxd6 Qxd6 19.O-O Qe5 20.e4 h6 21.Bb2 Qf4 
22.Qf2 Qd6 23.Rfd1 e5 24.f4 Qe6 25.fxe5 Ng4 26.Qg3 Rac8 27.c5 bxc5 28.bxc5
Bc6 29.Bc2 Rb8 30.h3 Qa2 31.Qc3 Nxe5 32.Rd4 Rb7 33.Rb4 Rxb4 34.Qxb4 Qc4 
35.Qd2 Ng6 36.Bd4 Qa2 37.Qc3 Bxe4 38.Re1 d5 1-0

[Event "Central European zonal 2 (w)"]
[Site "Graz AUT"]
[Date "1991.??.??"]
[Round "?"]
[White "Kas-Fromm, Rita"]
[Black "Kunze, Kerstin"]
[Result "1/2-1/2"]
[WhiteElo "2260"]
[BlackElo "2160"]
[EventDate "1991.??.??"]
[PlyCount "24"]

1.Nf3 Nf6 2.d4 d5 3.c4 e6 4.Nc3 Be7 5.Bg5 O-O 6.e3 c6 7.Bd3 Nbd7 8.O-O 
dxc4 9.Bxc4 Nd5 10.Bxe7 Qxe7 11.e4 Nxc3 12.bxc3 Rd8 1/2-1/2

[Event "Central European zonal 2 (w)"]
[Site "Graz AUT"]
[Date "1991.??.??"]
[Round "?"]
[White "Kas-Fromm, Rita"]
[Black "Segal, Anna"]
[Result "0-1"]
[WhiteElo "2260"]
[BlackElo "2095"]
[EventDate "1991.??.??"]
[PlyCount "60"]

1.d4 d5 2.c4 e6 3.Nc3 c5 4.Nf3 Nc6 5.cxd5 exd5 6.g3 c4 7.Bg2 Bb4 8.O-O 
Nge7 9.e4 O-O 10.e5 Bf5 11.Ne1 Qa5 12.Ne2 Qb6 13.Bd2 f6 14.exf6 Rxf6 15.
Bxb4 Qxb4 16.Nc3 Qxb2 17.Nxd5 Rd6 18.Nxe7+ Nxe7 19.Nf3 Rad8 20.Qc1 Qxc1 
21.Rfxc1 b5 22.a4 a6 23.axb5 axb5 24.Ra7 Nc6 25.Rb7 Nxd4 26.Nxd4 Rxd4 27.
Bc6 Rd1+ 28.Rxd1 Rxd1+ 29.Kg2 c3 30.Rxb5 c2 0-1

[Event "Central European zonal 2 (w)"]
[Site "Graz AUT"]
[Date "1991.??.??"]
[Round "?"]
[White "Kunze, Kerstin"]
[Black "Fischdick, Gisela"]
[Result "1/2-1/2"]
[WhiteElo "2160"]
[BlackElo "2275"]
[EventDate "1991.??.??"]
[PlyCount "48"]

1.e4 e5 2.Nf3 Nc6 3.Bb5 Nd4 4.Nxd4 exd4 5.O-O Bc5 6.Bc4 d6 7.c3 Qf6 8.b4 
Bb6 9.a4 a5 10.Bb2 Ne7 11.Na3 O-O 12.Nb5 axb4 13.a5 Rxa5 14.Rxa5 Bxa5 15.
cxd4 Qg6 16.f4 Qxe4 17.Re1 Qc6 18.Qb3 d5 19.Bd3 Qf6 20.Qa4 Bb6 21.Qxb4 Be6
22.g3 Nc6 23.Bxh7+ Kxh7 24.Qxf8 Qg6 1/2-1/2

[Event "Central European zonal 2 (w)"]
[Site "Graz AUT"]
[Date "1991.??.??"]
[Round "?"]
[White "Kunze, Kerstin"]
[Black "Horvath, Maria"]
[Result "1/2-1/2"]
[WhiteElo "2160"]
[BlackElo "2065"]
[EventDate "1991.??.??"]
[PlyCount "31"]

1.c4 Nf6 2.g3 c5 3.Bg2 Nc6 4.Nc3 g6 5.Nf3 e5 6.O-O Bg7 7.d3 O-O 8.Bd2 Rb8 
9.a3 d6 10.Rb1 h6 11.b4 Be6 12.Ne1 Nh5 13.e3 Qd7 14.Bf3 Bh3 15.Ng2 f5 16.
Nd5 1/2-1/2

[Event "Central European zonal 2 (w)"]
[Site "Graz AUT"]
[Date "1991.??.??"]
[Round "?"]
[White "Kunze, Kerstin"]
[Black "Hund, Isabel"]
[Result "1/2-1/2"]
[WhiteElo "2160"]
[BlackElo "2080"]
[EventDate "1991.??.??"]
[PlyCount "96"]

1.c4 c5 2.g3 Nf6 3.Bg2 d5 4.Nf3 Nc6 5.O-O e5 6.Qa4 Bd7 7.cxd5 Nxd5 8.Nxe5 
Nxe5 9.Qe4 Bd6 10.Qxd5 Bc6 11.Qb3 Bxg2 12.Kxg2 O-O 13.d3 b6 14.Nc3 Rc8 15.
Qd5 Nc6 16.Bd2 Re8 17.f4 Bf8 18.Qxd8 Rcxd8 19.Rad1 Rd7 20.Bc1 Red8 21.g4 
a6 22.b3 b5 23.Be3 Nd4 24.Bg1 Re8 25.e4 Nc6 26.Nd5 Na5 27.Kf3 Nb7 28.h4 
Be7 29.h5 h6 30.Rc1 Kf8 31.Rfd1 Bd6 32.Be3 f6 33.Rf1 Kg8 34.g5 fxg5 35.
fxg5 hxg5 36.Bxg5 Be5 37.Kg4 Bd4 38.Rf5 Nd6 39.Rf3 Nf7 40.Rcf1 Ne5+ 41.Kg3
Nxf3 42.Rxf3 Rf7 43.Rxf7 Kxf7 44.Bf4 c4 45.bxc4 bxc4 46.Nc7 Re7 47.dxc4 
Rxe4 48.Kf3 Re7 1/2-1/2